Návodná proprava ke mluvnici /

Hlavní autor: Bačkora, Josef Množislav, 1803-1876
Jazyk: Čeština
Vydáno: V Praze : nákladem kněchkupeství Františka Řivnáče, 1850
Témata:
Fyzický popis: viii, 205 stran ; 22 cm
Knihy
Uloženo v:
LEADER 01595nam a2200433 i 4500
001 000677038
003 CZ BrMZK
005 20200608110807.0
007 ta
008 030708s1850 xr f cze d
015 |a cnb002145944  |z cnb001038503 
020 |q (Brožováno) 
035 |a (OCoLC)85531360 
040 |a ABA001  |b cze  |e rda 
072 7 |a 811.162.3  |x Čeština  |2 Konspekt  |9 11 
080 |a 811.162.3  |2 MRF 
080 |a 81'36  |2 MRF 
080 |a (076.3)  |2 MRF 
080 |a (035)  |2 MRF 
100 1 |a Bačkora, Josef Množislav,  |d 1803-1876  |7 jk01010525  |4 aut 
245 1 0 |a Návodná proprava ke mluvnici /  |c od Josefa Bačkory 
264 1 |a V Praze :  |b nákladem kněchkupeství Františka Řivnáče,  |c 1850 
264 3 |b Tisk cís. král. dvorní knihtiskárny synů Bohumila Haase 
300 |a viii, 205 stran ;  |c 22 cm 
336 |a text  |b txt  |2 rdacontent 
337 |a bez média  |b n  |2 rdamedia 
338 |a svazek  |b nc  |2 rdacarrier 
500 |a Chyba v nakladatelských údajích, správně nákladem kněhkupectví Františka Řivnáče 
650 0 7 |a čeština  |7 ph135292  |2 czenas 
650 0 7 |a mluvnice  |7 ph115331  |2 czenas 
655 7 |a diktáty a cvičení  |7 fd186920  |2 czenas 
655 7 |a příručky  |7 fd133209  |2 czenas 
910 |a BOA001  |b 2-0091.886  |b PK-II-0013.783 
920 |a 000666814 
928 9 |a František Řivnáč 
990 |a BK 
993 |a Y 
996 6 |b 2619206134  |c 2-0091.886  |l MZK  |r Sklad / do 24 hodin  |n 3  |w 000677038  |u 000010  |a 1  |e BOA001  |j MZK50  |s P 
996 6 |b 3119667808  |c PK-II-0013.783  |l MZK  |r Sklad / do 1 hodiny  |n 3  |w 000677038  |u 000020  |a 1  |e BOA001  |j MZK50  |s P